000
00315nam a2200133Ia 4500
008
240624s9999 xx 000 0 und d
041
_a
eng
082
_a
828 KON
100
_a
KONDO MARIE
245
_a
LIFE CHANGING MAGIC OF TIDYING
260
_c
2011
_a
London
_b
Penguin
300
_a
248 p; 20 cm.
365
_c
RS
999
_c
32520
_d
32520